Expressions françaises avec des oiseaux - Statistiques

Statistiques générales
  • Ce quiz a été pris 340 fois
    306 depuis la dernière actualisation
  • Le résultat moyen est 11 sur 20
Statistiques - réponses
Expression Réponse % Correct
Avoir la chair de ... Poule
99%
Être le ... de la farce Dindon
93%
Être bavard comme une ... Pie
90%
Ca ne casse pas trois pattes à un ... Canard
87%
Avoir une cervelle de ... Moineau
81%
Répéter comme un ... Perroquet
75%
(Nier la vérité) Faire l' ... Autruche
66%
(Prétention) Etre fier comme un ... Paon / Coq
65%
Être pris pour un ... Pigeon
59%
Une ... ne fait pas le printemps Hirondelle
56%
Gai comme un ... Pinson
56%
Avoir un regard d' ... Aigle
53%
(Rêvasser) Bayer aux ... Corneilles
48%
Faire le pied de ... Grue
48%
Être / avoir une tête de ... Linotte
34%
Maigre comme un ... Coucou
29%
Quelle vieille ... ! Chouette
25%
(Piège séduisant) Miroir aux ... Alouettes
19%
Chaud comme une ... Caille
7%
Être saoul comme une ... Grive
4%
Aucun quiz correspondant
Distribution des résultats
% des personnes avec chaque résultat
Percentile par nombre de réponses
Votre historique - résultats
Vous n’avez pas pris ce quiz depuis la dernière actualisation